| 000 | 00604nam a22002057a 4500 | ||
|---|---|---|---|
| 005 | 20251108173340.0 | ||
| 008 | 250721s1995 xx 000 0 ara d | ||
| 020 | _a9772760541 | ||
| 082 | 1 | 4 | _aط/796.83 |
| 100 | 1 | _aصادق، علاء | |
| 245 | 1 | 0 | _aالملاكمة / |
| 264 | 1 |
_a]د.م[ : _bمنف للنشر و الخدمات الإعلامية، _c1995. |
|
| 300 | _a47 ص. | ||
| 490 | 0 |
_aعالم الرياضة _v7 |
|
| 650 | 1 | 7 | _aالملاكمة |
| 650 | 1 | 7 | _aالألعاب الأولمبية |
| 653 | _aناشئون كبار (15-18 سنة) | ||
| 942 |
_2ddc _cBK |
||
| 999 |
_c101853 _d101853 |
||